000 00640cam a2200205 4500500
005 20260405002759.0
041 _afre
042 _adc
100 1 0 _aDennehy, Myriam
_eauthor
245 0 0 _aCamille Froidevaux-Metterie. Le tournant génital du féminisme
260 _c2018.
500 _a9
690 _aBonnes Feuilles
690 _aCamille Froidevaux-Metterie
690 _aCorps
690 _aIntime
690 _aWeinstein
786 0 _nPhilosophie magazine | 123 | 10 | 2018-10-01 | p. 15-15 | 1951-1787
856 4 1 _uhttps://shs.cairn.info/magazine-philosophie-magazine-2018-10-page-15?lang=fr&redirect-ssocas=7080
999 _c2061071
_d2061071